Chirupula's tale : (Record no. 124091)
[ view plain ]
| 000 -LEADER | |
|---|---|
| fixed length control field | 00702nam a2200241 i 4500 |
| 001 - CONTROL NUMBER | |
| control field | 2677023 |
| 003 - CONTROL NUMBER IDENTIFIER | |
| control field | ARRUPE |
| 005 - DATE AND TIME OF LATEST TRANSACTION | |
| control field | 20160203141106.0 |
| 008 - FIXED-LENGTH DATA ELEMENTS--GENERAL INFORMATION | |
| fixed length control field | 800501s1937 enk 000 0 eng d |
| 035 ## - SYSTEM CONTROL NUMBER | |
| System control number | (OCoLC)ocm06269212 |
| 040 ## - CATALOGING SOURCE | |
| Original cataloging agency | HRM |
| Transcribing agency | HRM |
| Modifying agency | ZCU |
| 050 ## - LIBRARY OF CONGRESS CALL NUMBER | |
| Classification number | SPC DT3058.L35S836 |
| 099 ## - LOCAL FREE-TEXT CALL NUMBER (OCLC) | |
| Classification number | 967.5 |
| -- | St44 |
| 300 ## - PHYSICAL DESCRIPTION | |
| Dimensions | 21 cm. |
| 100 1# - MAIN ENTRY--PERSONAL NAME | |
| Personal name | Stephenson, John E. |
| 9 (RLIN) | 21972 |
| 245 10 - TITLE STATEMENT | |
| Title | Chirupula's tale : |
| Remainder of title | a bye-way in African history / |
| Statement of responsibility, etc | by J.E. Stephenson. |
| 260 ## - PUBLICATION, DISTRIBUTION, ETC. (IMPRINT) | |
| Place of publication, distribution, etc | London : |
| Name of publisher, distributor, etc | Geoffrey Bles, |
| Date of publication, distribution, etc | 1937. |
| 300 ## - PHYSICAL DESCRIPTION | |
| Extent | 281 p. ; |
| 500 ## - GENERAL NOTE | |
| General note | Maps on lining papers. |
| 600 ## - SUBJECT ADDED ENTRY--PERSONAL NAME | |
| Personal name | Stephenson, John Edward |
| 9 (RLIN) | 21973 |
| 651 #0 - SUBJECT ADDED ENTRY--GEOGRAPHIC NAME | |
| Geographic name | Lala (African people) |
| 9 (RLIN) | 21974 |
| 942 ## - ADDED ENTRY ELEMENTS (KOHA) | |
| Source of classification or shelving scheme | Library of Congress Classification |
| Koha item type | Monograph ( Printed materials) |
| Withdrawn status | Lost status | Source of classification or shelving scheme | Damaged status | Not for loan | Collection code | Home library | Current library | Shelving location | Date acquired | Total Checkouts | Full call number | Barcode | Date last seen | Price effective from | Koha item type |
|---|---|---|---|---|---|---|---|---|---|---|---|---|---|---|---|
| Library of Congress Classification | SPECIAL Collection | ARRUPE LIBRARY | ARRUPE LIBRARY | Main Collection | 03/02/2016 | SPC DT3058.L35S836 | 46500006097 | 03/02/2016 | 03/02/2016 | Monograph ( Printed materials) |